000
00328nam a2200145Ia 4500
100
_a
kING/ g.j.
650
_a
Electrical Engineering
942
_c
BK
654
_a
T.V.
245
_a
Beginner''''s guide to colour T.V.
260
_b
Newrus Tech. Books
_a
London
_c
1981
082
_a
621.3
300
_a
189
546
_a
ENGLISH
999
_c
23475
_d
23475